000 00391 a2200121 4500
001 ART_23599
005 20260410161827.0
008 260409a
245 1 0 _aInfluencia de los atributos en la formación de precios de hortalizas congeladas
100 1 _aRodriguez, Elsa
700 1 _aGonzález, Julia
773 0 _tFACES
_g- Año 18, Nº 38/39 (ene./dic. 2012)
_wREV5046
999 _c22854
_d22854